[Event "Gibraltar Masters 2014"]
[Site "Caleta ENG"]
[Date "2014.01.29"]
[Round "2.79"]
[White "Maisuradze, N."]
[Black "Stewart, Ashley"]
[Result "1-0"]
[WhiteElo "2279"]
[BlackElo "2037"]
[PlyCount "75"]
[EventDate "2014.01.28"]

1. d4 Nf6 2. Nf3 e6 3. Bg5 h6 4. Bh4 b6 5. Nbd2 Bb7 6. c3 Be7 7. Qc2 c5 8. dxc5
Bxc5 9. e4 Be7 10. Rd1 O-O 11. e5 Nh5 12. Bxe7 Qxe7 13. Qa4 f5 14. Be2 g5 15.
O-O Nf4 16. Rfe1 Nxe2+ 17. Rxe2 b5 18. Qb3 a6 19. c4 Nc6 20. Qd3 b4 21. Nb3 Rf7
22. Qd6 g4 23. Qxe7 Rxe7 24. Nfd4 Nxd4 25. Rxd4 a5 26. Rd6 Ra7 27. Red2 Be4 28.
Nd4 Rc7 29. b3 Rc8 30. f3 Bb7 31. Rb6 Bc6 32. Nxc6 dxc6 33. f4 Kf7 34. Ra6 Rec7
35. Kf2 Ke7 36. Ke3 a4 37. Rxa4 h5 38. Rd6 1-0

[Event "Gibraltar Masters 2014"]
[Site "Caleta ENG"]
[Date "2014.01.29"]
[Round "2.80"]
[White "Haugli, P."]
[Black "Weinstein, S."]
[Result "1-0"]
[WhiteElo "2278"]
[BlackElo "2025"]
[PlyCount "61"]
[EventDate "2014.01.28"]

1. d4 Nf6 2. c4 g6 3. Nc3 Bg7 4. e4 d6 5. Nf3 O-O 6. Be2 Bg4 7. O-O Nfd7 8. Be3
c5 9. d5 Bxf3 10. Bxf3 Na6 11. Qd2 Re8 12. Be2 Nc7 13. a3 a6 14. Rab1 b5 15.
cxb5 axb5 16. Nxb5 Qb8 17. Nxc7 Qxc7 18. Bb5 Reb8 19. a4 Rxb5 20. axb5 Ra2 21.
Rfc1 Qb6 22. Qe2 h5 23. h3 Qa7 24. Rc2 Qa4 25. Qc4 Nb6 26. Qxa4 Nxa4 27. b3 Nc3
28. Rxa2 Nxa2 29. b6 Nb4 30. b7 Na6 31. b4 1-0

[Event "Gibraltar Masters 2014"]
[Site "Caleta ENG"]
[Date "2014.01.29"]
[Round "2.81"]
[White "Perdomo Araujo, Angel Eduardo"]
[Black "Proudian, Armen"]
[Result "1/2-1/2"]
[WhiteElo "2018"]
[BlackElo "2274"]
[PlyCount "115"]
[EventDate "2014.01.28"]

1. e4 e5 2. Nf3 Nc6 3. Bb5 a6 4. Ba4 Nf6 5. O-O Be7 6. Re1 b5 7. Bb3 O-O 8. d3
d6 9. c3 Na5 10. Bc2 c5 11. Nbd2 Nc6 12. Nf1 h6 13. h3 Re8 14. Ne3 d5 15. exd5
Nxd5 16. Nxd5 Qxd5 17. d4 exd4 18. Be4 Qd6 19. Bf4 Qf6 20. Be5 Nxe5 21. Bxa8
Nc4 22. cxd4 Nxb2 23. Qe2 Nc4 24. dxc5 Be6 25. Bc6 Rd8 26. Rad1 Bxc5 27. Rxd8+
Qxd8 28. Rd1 Qb6 29. Bd5 Bxd5 30. Rxd5 Nd6 31. Ne5 Qc7 32. Nd3 Ba3 33. Qe5 Qc4
34. Rxd6 Bxd6 35. Qxd6 Qxa2 36. Nc5 Qa5 37. Nxa6 Qe1+ 38. Kh2 Qxf2 39. Nb4 Kh7
40. Qd3+ f5 41. Nd5 b4 42. Ne3 Qf4+ 43. Kh1 Kg6 44. Nd5 Qe5 45. g4 b3 46. gxf5+
Kg5 47. Qxb3 Qe1+ 48. Kg2 Qe2+ 49. Kg3 Qe1+ 50. Kf3 Qf1+ 51. Ke4 Qxf5+ 52. Kd4
Kh4 53. Qb7 Kxh3 54. Qxg7 Qg4+ 55. Qxg4+ Kxg4 56. Ke4 h5 57. Nf6+ Kg3 58. Nxh5+
1/2-1/2

[Event "Gibraltar Masters 2014"]
[Site "Caleta ENG"]
[Date "2014.01.29"]
[Round "2.82"]
[White "Goncalves, Jose Antonio Silvei"]
[Black "Gukhvat, P."]
[Result "0-1"]
[WhiteElo "1999"]
[BlackElo "2268"]
[PlyCount "84"]
[EventDate "2014.01.28"]

1. d4 Nf6 2. c4 c5 3. d5 e5 4. Nc3 d6 5. e4 Be7 6. Be2 Nbd7 7. Nf3 Nf8 8. O-O
Ng6 9. Re1 O-O 10. h3 h6 11. Nh2 Nh7 12. Bg4 Bg5 13. Ne2 Bf4 14. Qd3 Bxh2+ 15.
Kxh2 Bxg4 16. hxg4 Qh4+ 17. Kg1 Qxg4 18. Ng3 Nh4 19. Qe2 Qxe2 20. Rxe2 f5 21.
Nxf5 Nxf5 22. exf5 Rxf5 23. b4 cxb4 24. Rb1 Rc8 25. Rxb4 b6 26. a4 Nf6 27. a5
Nxd5 28. Rb3 Rxc4 29. Ba3 bxa5 30. Bxd6 e4 31. Rb8+ Kh7 32. Rb7 Rc1+ 33. Kh2
Nf6 34. Rxa7 Rh5+ 35. Kg3 Rg5+ 36. Kf4 Nd5+ 37. Kxe4 Nc3+ 38. Ke3 Nxe2 39. Kxe2
Rxg2 40. Kf3 Rg5 41. Bf4 Rc3+ 42. Ke4 Rc4+ 0-1

[Event "Gibraltar Masters 2014"]
[Site "Caleta ENG"]
[Date "2014.01.29"]
[Round "2.83"]
[White "Eman, Lennart"]
[Black "Lederman, L."]
[Result "0-1"]
[WhiteElo "2011"]
[BlackElo "2257"]
[PlyCount "124"]
[EventDate "2014.01.28"]

1. e4 c5 2. d4 cxd4 3. c3 dxc3 4. Nxc3 Nc6 5. Nf3 d6 6. Bc4 e6 7. O-O a6 8. Qe2
Nge7 9. Bg5 h6 10. Be3 Ng6 11. Nd4 Be7 12. f4 Bf6 13. Nxe6 Bxe6 14. Bxe6 Bxc3
15. bxc3 fxe6 16. Qh5 Qf6 17. f5 Nce5 18. fxg6 Qxg6 19. Qh4 Ng4 20. Bb6 Nf6 21.
e5 dxe5 22. Qa4+ Kf8 23. Rae1 Kg8 24. Rxe5 Kh7 25. Rxe6 Rhe8 26. Rxe8 Rxe8 27.
Qd1 Ng4 28. Bd4 Ne3 29. Bxe3 Rxe3 30. Qd5 b5 31. c4 Rd3 32. Qf5 bxc4 33. Qxg6+
Kxg6 34. Rf4 c3 35. Rc4 Kf5 36. Kf2 Ke5 37. Ke2 Rd2+ 38. Ke3 Rxa2 39. Rxc3 Rxg2
40. Rc5+ Kf6 41. Rc6+ Kg5 42. Rxa6 Rxh2 43. Kf3 Rh3+ 44. Kg2 Rb3 45. Ra5+ Kh4
46. Ra4+ Kh5 47. Ra5+ g5 48. Ra6 Rd3 49. Rb6 Rd2+ 50. Kg3 Rd3+ 51. Kg2 g4 52.
Ra6 Kg5 53. Rb6 h5 54. Ra6 Rd2+ 55. Kg1 g3 56. Ra4 h4 57. Kh1 Rf2 58. Rb4 h3
59. Rb1 Kg4 60. Rb4+ Rf4 61. Rb1 h2 62. Re1 Kh3 0-1

[Event "Gibraltar Masters 2014"]
[Site "Caleta ENG"]
[Date "2014.01.29"]
[Round "2.84"]
[White "Hommerson, P."]
[Black "Hamer, M."]
[Result "1-0"]
[WhiteElo "2255"]
[BlackElo "2016"]
[PlyCount "85"]
[EventDate "2014.01.28"]

1. e4 Nf6 2. e5 Nd5 3. d4 d6 4. Nf3 Bg4 5. Be2 c6 6. O-O Bxf3 7. Bxf3 dxe5 8.
dxe5 e6 9. b3 Nd7 10. Bb2 Qc7 11. Qe2 Nf4 12. Qe4 Ng6 13. Bh5 O-O-O 14. f4 f5
15. exf6 gxf6 16. Nd2 Qa5 17. Qe2 e5 18. fxe5 fxe5 19. Kh1 Bh6 20. Nc4 Qc7 21.
g3 Rhf8 22. Ba3 c5 23. Qg2 Kb8 24. Rad1 Rxf1+ 25. Qxf1 Nb6 26. Nxb6 axb6 27.
Bb2 Rf8 28. Qg2 Ne7 29. Bg4 Nf5 30. Bxf5 Rxf5 31. Qe4 Qc6 32. Qxc6 bxc6 33. g4
Rf2 34. Bxe5+ Kb7 35. Rd7+ Ka6 36. Rxh7 Bc1 37. c4 Be3 38. h4 Bd4 39. Bb8 b5
40. g5 Ka5 41. g6 Rf1+ 42. Kh2 Rg1 43. Bg3 1-0

[Event "Gibraltar Masters 2014"]
[Site "Caleta ENG"]
[Date "2014.01.29"]
[Round "2.85"]
[White "Lombaers, P."]
[Black "Kenney, David"]
[Result "1-0"]
[WhiteElo "2255"]
[BlackElo "2000"]
[PlyCount "81"]
[EventDate "2014.01.28"]

1. c4 e5 2. g3 Nf6 3. Bg2 d5 4. cxd5 Nxd5 5. Nc3 Nb6 6. Nf3 Nc6 7. O-O Be7 8.
a3 a5 9. d3 O-O 10. Be3 Be6 11. Na4 Nxa4 12. Qxa4 Bd5 13. Rac1 Re8 14. Rc2 Bf8
15. Rfc1 h6 16. Bc5 e4 17. dxe4 Bxe4 18. Rd2 Qf6 19. Bxf8 Kxf8 20. Rc4 Bh7 21.
Nh4 Red8 22. Bd5 g5 23. Nf3 Ne7 24. Bxb7 Rxd2 25. Nxd2 Rb8 26. Rxc7 Qxb2 27.
Qd7 Qf6 28. Be4 Bxe4 29. Nxe4 Qe6 30. Qxe6 fxe6 31. Rc5 a4 32. Ra5 Nd5 33. Rxa4
Rb2 34. e3 Ke7 35. Ra7+ Kd8 36. h3 Rb1+ 37. Kg2 Rb2 38. Kf3 Ra2 39. Kg4 Nb4 40.
Nc5 e5 41. Rd7+ 1-0

[Event "Gibraltar Masters 2014"]
[Site "Caleta ENG"]
[Date "2014.01.29"]
[Round "2.86"]
[White "Olsen, Mi"]
[Black "Rindlisbacher, J."]
[Result "0-1"]
[WhiteElo "1998"]
[BlackElo "2249"]
[PlyCount "92"]
[EventDate "2014.01.28"]

1. e4 e5 2. Nf3 Nc6 3. d4 exd4 4. Nxd4 Nf6 5. Nxc6 bxc6 6. e5 Qe7 7. Qe2 Nd5 8.
c4 Ba6 9. b3 g6 10. g3 Bg7 11. Bb2 O-O 12. Bg2 Rae8 13. O-O Bxe5 14. Bxe5 Qxe5
15. Qxe5 Rxe5 16. cxd5 Bxf1 17. Kxf1 cxd5 18. Nc3 c6 19. Na4 Rfe8 20. Bf3 Kf8
21. Nc5 R5e7 22. Nd3 Rb8 23. Rc1 Ke8 24. Rc5 Kd8 25. Rc3 Rb6 26. Nc5 Rb4 27.
Nd3 Rd4 28. Be2 Kc7 29. a3 d6 30. Nb4 c5 31. Bf3 Re5 32. Nd3 Rf5 33. Ke2 Kb6
34. Nf4 g5 35. Nxd5+ Rfxd5 36. Bxd5 Rxd5 37. g4 Re5+ 38. Kd2 f5 39. gxf5 Rxf5
40. Rh3 Rxf2+ 41. Kc3 Rf7 42. Rh5 g4 43. Rh6 Kc6 44. Kc4 Rf4+ 45. Kc3 Rf3+ 46.
Kc4 Rh3 0-1

[Event "Gibraltar Masters 2014"]
[Site "Caleta ENG"]
[Date "2014.01.29"]
[Round "2.87"]
[White "Nicolas Zapata, I."]
[Black "Hermes, Geoff R"]
[Result "1-0"]
[WhiteElo "2248"]
[BlackElo "1998"]
[PlyCount "37"]
[EventDate "2014.01.28"]

1. e4 d6 2. d4 Nf6 3. Nc3 c6 4. f4 Qa5 5. e5 Ne4 6. Nf3 f5 7. Bd3 d5 8. O-O e6
9. Ng5 c5 10. Bb5+ Nc6 11. Ngxe4 fxe4 12. f5 exf5 13. Nxd5 Be6 14. Bxc6+ bxc6
15. Nf4 Bc4 16. Qh5+ g6 17. Nxg6 Bf7 18. Qxf5 Bxg6 19. Qe6+ 1-0

[Event "Gibraltar Masters 2014"]
[Site "Caleta ENG"]
[Date "2014.01.29"]
[Round "2.88"]
[White "Reppen, E."]
[Black "Gajic, Ml"]
[Result "1-0"]
[WhiteElo "1995"]
[BlackElo "2246"]
[PlyCount "71"]
[EventDate "2014.01.28"]

1. e4 Nf6 2. e5 Nd5 3. d4 d6 4. exd6 cxd6 5. c4 Nb6 6. Bd3 g6 7. Nf3 Bg7 8. Be3
O-O 9. O-O Nc6 10. h3 f5 11. Qd2 e5 12. dxe5 dxe5 13. Bg5 Qe8 14. c5 Nd7 15.
Bc4+ Kh8 16. Nc3 Nxc5 17. b4 Ne6 18. Bh6 e4 19. Bxg7+ Kxg7 20. Nh2 Ne5 21. Bb3
Bd7 22. Rad1 Rd8 23. Qb2 Ng5 24. Nd5 f4 25. Nc7 Qe7 26. Nd5 Nxh3+ 27. gxh3 Qg5+
28. Kh1 Bxh3 29. Rg1 Qf5 30. Nc7 f3 31. Ne6+ Kh8 32. Rxd8 Bg2+ 33. Rxg2 fxg2+
34. Kxg2 Rxd8 35. Nxd8 e3 36. Nf7+ 1-0

[Event "Gibraltar Masters 2014"]
[Site "Caleta ENG"]
[Date "2014.01.29"]
[Round "2.89"]
[White "Martinez Reyes, P."]
[Black "Spanton, T."]
[Result "1-0"]
[WhiteElo "2245"]
[BlackElo "1995"]
[PlyCount "97"]
[EventDate "2014.01.28"]

1. e4 e5 2. Nf3 Nc6 3. Bb5 Nf6 4. O-O Nxe4 5. Qe2 Nd6 6. Bxc6 dxc6 7. Qxe5+ Qe7
8. Qa5 Be6 9. Re1 Nc4 10. Qc3 Qb4 11. Nd4 Qxc3 12. Nxc3 Kd7 13. Nxe6 fxe6 14.
Ne4 h6 15. b3 Na3 16. Bxa3 Bxa3 17. Re3 Rae8 18. Rae1 Rhf8 19. Rd3+ Kc8 20. Rg3
Rf7 21. Ree3 Bd6 22. Rgf3 Rxf3 23. Rxf3 Kd7 24. Kf1 Rf8 25. Rd3 Ke7 26. Ke2 Rf5
27. Rf3 Rxf3 28. Kxf3 Kf7 29. h4 g6 30. Kg4 h5+ 31. Kf3 Be7 32. g3 e5 33. Nc3
Ke6 34. Ke4 Bc5 35. Nd1 Kf6 36. Ne3 Ke6 37. c3 b6 38. d4 exd4 39. cxd4 Be7 40.
Nc4 Bf6 41. Ne5 Bxe5 42. dxe5 c5 43. f3 b5 44. g4 hxg4 45. fxg4 a5 46. h5 gxh5
47. gxh5 c4 48. bxc4 b4 49. h6 1-0

[Event "Gibraltar Masters 2014"]
[Site "Caleta ENG"]
[Date "2014.01.29"]
[Round "2.90"]
[White "Jacobsen, Fredrik Beer"]
[Black "Gandrud, V."]
[Result "1/2-1/2"]
[WhiteElo "1991"]
[BlackElo "2242"]
[PlyCount "67"]
[EventDate "2014.01.28"]

1. e4 c5 2. Nc3 Nc6 3. g3 g6 4. Bg2 Bg7 5. d3 d6 6. Be3 Rb8 7. Qd2 b5 8. Nge2
b4 9. Nd1 Nf6 10. Bh6 O-O 11. Bxg7 Kxg7 12. O-O e6 13. f4 Qc7 14. Ne3 Nd4 15.
f5 Bb7 16. g4 h6 17. c3 Nxe2+ 18. Qxe2 bxc3 19. bxc3 d5 20. fxe6 fxe6 21. e5
Nd7 22. d4 Qa5 23. Rxf8 Rxf8 24. Qb2 Ba6 25. Bf1 Rb8 26. Qc2 cxd4 27. cxd4 Rc8
28. Qf2 Qc3 29. Rd1 Rf8 30. Qd2 Qxd2 31. Rxd2 Bxf1 32. Nxf1 Rc8 33. Ne3 Nb6 34.
Rc2 1/2-1/2

[Event "Gibraltar Masters 2014"]
[Site "Caleta ENG"]
[Date "2014.01.29"]
[Round "2.91"]
[White "Sanchez Botella, L."]
[Black "Mehringer, Joerg"]
[Result "1-0"]
[WhiteElo "2241"]
[BlackElo "1961"]
[PlyCount "69"]
[EventDate "2014.01.28"]

1. d4 Nf6 2. c4 g6 3. Nc3 Bg7 4. e4 d6 5. Be2 O-O 6. Nf3 Na6 7. O-O e5 8. Re1
exd4 9. Nxd4 Re8 10. Bf1 Nc5 11. f3 c6 12. Be3 Qc7 13. Qd2 Bd7 14. Rad1 Rad8
15. Kh1 Ne6 16. Qf2 Nxd4 17. Bxd4 c5 18. Be3 Bc6 19. Rd2 Nd7 20. Qh4 f6 21. Bh6
Ne5 22. Bxg7 Kxg7 23. f4 Nf7 24. Bd3 Re7 25. Re3 Rde8 26. Rh3 h6 27. Rg3 Rg8
28. Re2 Kf8 29. Qxf6 g5 30. fxg5 hxg5 31. Rf2 Ke8 32. Rf1 Ne5 33. Be2 g4 34.
Bxg4 Nxg4 35. Rxg4 1-0

[Event "Gibraltar Masters 2014"]
[Site "Caleta ENG"]
[Date "2014.01.29"]
[Round "2.92"]
[White "Khachatourian, Y."]
[Black "Berry, N."]
[Result "1-0"]
[WhiteElo "1955"]
[BlackElo "2227"]
[PlyCount "81"]
[EventDate "2014.01.28"]

1. e4 d6 2. d4 Nf6 3. Nc3 e5 4. Nf3 Nbd7 5. Bc4 Be7 6. O-O O-O 7. a4 a6 8. Ba2
b6 9. Re1 c6 10. h3 Rb8 11. Bg5 b5 12. axb5 axb5 13. Bxf6 Bxf6 14. Ne2 Qc7 15.
Qd2 Bb7 16. Ng3 g6 17. c3 Nb6 18. b3 Ra8 19. Nh2 Bc8 20. Ng4 Bxg4 21. hxg4 Qe7
22. b4 Bg5 23. Qc2 Qd7 24. f3 exd4 25. cxd4 d5 26. e5 f6 27. e6 Qd6 28. Ne4
Qxb4 29. Nxg5 Qxd4+ 30. Kh1 fxg5 31. e7 Rfe8 32. Qxc6 Rxe7 33. Bxd5+ Nxd5 34.
Rxa8+ Kf7 35. Rxe7+ Nxe7 36. Qe8+ Ke6 37. Ra6+ Kd5 38. Qxe7 Qf4 39. Qe4+ Qxe4
40. fxe4+ Kxe4 41. Rb6 1-0

[Event "Gibraltar Masters 2014"]
[Site "Caleta ENG"]
[Date "2014.01.29"]
[Round "2.93"]
[White "Semprun Martinez, F."]
[Black "Lochte, S."]
[Result "1-0"]
[WhiteElo "2226"]
[BlackElo "1951"]
[PlyCount "133"]
[EventDate "2014.01.28"]

1. e4 e5 2. Nf3 Nc6 3. Bc4 Bc5 4. c3 d6 5. O-O Nf6 6. d4 exd4 7. cxd4 Bb6 8. d5
Ne5 9. Nxe5 dxe5 10. Nc3 h6 11. Qd3 Qe7 12. Bd2 O-O 13. Kh1 Ng4 14. Nd1 Qh4 15.
Qg3 Qxg3 16. hxg3 Bc5 17. f3 Nf6 18. Rc1 Bd6 19. g4 Bd7 20. Ne3 g6 21. Rfd1 Kg7
22. Kg1 Rfd8 23. Kf2 a6 24. Bb3 Ne8 25. Rh1 Nf6 26. Nc4 g5 27. Nxd6 cxd6 28.
Rc7 Rab8 29. Ba5 Rdc8 30. Bb6 Bb5 31. a4 Nd7 32. Rxc8 Rxc8 33. Be3 Bd3 34. Rd1
Bc4 35. Rc1 b5 36. Ba2 Nc5 37. Bxc4 bxc4 38. Bxc5 Rxc5 39. Ke3 Kf8 40. Kd2 Ke7
41. Kc3 Rc8 42. Rh1 Rb8 43. Rb1 a5 44. Kxc4 Rb4+ 45. Kc3 Rxa4 46. Rh1 Rb4 47.
Rxh6 Rb8 48. Rh5 Kf6 49. Rh1 Ke7 50. Ra1 Rb5 51. Ra4 Kd7 52. Rc4 Rb7 53. b3 Rb5
54. Kb2 Rb7 55. Ka3 Rc7 56. Ka4 Rb7 57. Rc3 Ra7 58. Kb5 Ra8 59. Rc6 Rb8+ 60.
Rb6 Ra8 61. Rb7+ Ke8 62. Kc6 a4 63. bxa4 Rxa4 64. Kxd6 f6 65. Ke6 Ra6+ 66. d6
Kf8 67. Rb8+ 1-0

[Event "Gibraltar Masters 2014"]
[Site "Caleta ENG"]
[Date "2014.01.29"]
[Round "2.94"]
[White "Scharrer, P."]
[Black "Bucknell, M."]
[Result "1-0"]
[WhiteElo "2220"]
[BlackElo "1944"]
[PlyCount "101"]
[EventDate "2014.01.28"]

1. e4 c6 2. d4 d5 3. Nc3 dxe4 4. Nxe4 Bf5 5. Ng3 Bg6 6. Nf3 Nd7 7. h4 h6 8. h5
Bh7 9. Bd3 Bxd3 10. Qxd3 e6 11. Bd2 Ngf6 12. O-O-O Qc7 13. Ne4 O-O-O 14. Kb1
Nxe4 15. Qxe4 Nf6 16. Qe2 Bd6 17. c4 Rhe8 18. Bc3 c5 19. Ne5 cxd4 20. Bxd4 Bxe5
21. Bxe5 Qc5 22. f4 Re7 23. Rxd8+ Kxd8 24. g4 Ne8 25. Rd1+ Rd7 26. Rxd7+ Kxd7
27. Qe4 Kc8 28. Qd4 Qc6 29. Qxa7 Qe4+ 30. Kc1 Qxc4+ 31. Kd2 Qb4+ 32. Kd3 Qb5+
33. Ke3 f6 34. Bd4 Nd6 35. Qc5+ Kd7 36. Qxb5+ Nxb5 37. a4 Nc7 38. Ke4 Ne8 39.
Bc5 Nd6+ 40. Bxd6 Kxd6 41. Kd4 Kc6 42. b4 Kb6 43. Kc4 Kc6 44. b5+ Kb6 45. Kb4
e5 46. fxe5 fxe5 47. a5+ Kc7 48. Kc5 e4 49. Kd4 Kd6 50. a6 bxa6 51. bxa6 1-0

[Event "Gibraltar Masters 2014"]
[Site "Caleta ENG"]
[Date "2014.01.29"]
[Round "2.95"]
[White "Rowe, D."]
[Black "Henrichsen, J."]
[Result "1-0"]
[WhiteElo "2221"]
[BlackElo "1945"]
[PlyCount "53"]
[EventDate "2014.01.28"]

1. e4 e5 2. Nf3 Nc6 3. Bc4 Bc5 4. b4 Bxb4 5. c3 Be7 6. d4 Na5 7. Be2 d6 8. O-O
Nf6 9. Qa4+ c6 10. dxe5 b5 11. Qc2 dxe5 12. Nxe5 Qc7 13. Nf3 O-O 14. Nbd2 Bd6
15. c4 a6 16. Bb2 Nd7 17. Rac1 b4 18. Kh1 c5 19. e5 Nxe5 20. Ne4 f6 21. Nxd6
Qxd6 22. Rcd1 Qe7 23. Nxe5 fxe5 24. Bd3 Rf4 25. Bxh7+ Kh8 26. Be4 Rb8 27. Bxe5
1-0

[Event "Gibraltar Masters 2014"]
[Site "Caleta ENG"]
[Date "2014.01.29"]
[Round "2.96"]
[White "Andersen, Dani"]
[Black "Stenzel, T."]
[Result "0-1"]
[WhiteElo "1940"]
[BlackElo "2216"]
[PlyCount "58"]
[EventDate "2014.01.28"]

1. c4 Nf6 2. Nc3 g6 3. e4 d6 4. d4 Bg7 5. f4 O-O 6. Nf3 c5 7. d5 b5 8. cxb5 a6
9. bxa6 Qa5 10. Bd2 Bxa6 11. Bxa6 Qxa6 12. Qe2 Qb6 13. Rb1 Nbd7 14. O-O Ne8 15.
e5 Nc7 16. e6 fxe6 17. dxe6 Nf6 18. f5 d5 19. fxg6 h6 20. Rfe1 d4 21. Ne4 Rxa2
22. Bc1 Qc6 23. Qc4 Nxe4 24. Qxa2 c4 25. Nd2 Nd6 26. Qa3 d3 27. Nf1 Nd5 28. Ne3
Bd4 29. Kh1 Nf4 0-1

[Event "Gibraltar Masters 2014"]
[Site "Caleta ENG"]
[Date "2014.01.29"]
[Round "2.97"]
[White "Zvarik, M."]
[Black "Krokay, U."]
[Result "1-0"]
[WhiteElo "2216"]
[BlackElo "1926"]
[PlyCount "97"]
[EventDate "2014.01.28"]

1. d4 Nf6 2. Nc3 d5 3. Bg5 Ne4 4. Be3 Nxc3 5. bxc3 b6 6. Nf3 Nc6 7. g3 Na5 8.
Nd2 Ba6 9. Bg2 e6 10. O-O Qd7 11. a4 Qc6 12. Nb3 Qxc3 13. Bd2 Qc4 14. Re1 Nxb3
15. cxb3 Qxd4 16. Qc1 c5 17. e4 dxe4 18. Bxe4 Rc8 19. Bc3 Qd7 20. Qg5 Qe7 21.
Qg4 h5 22. Qf3 Rc7 23. Bc6+ Rxc6 24. Qxc6+ Qd7 25. Qa8+ Ke7 26. Rad1 Qc7 27.
Be5 Bb7 28. Bd6+ Kf6 29. Bxc7 Bxa8 30. Rd8 Bd5 31. Bb8 h4 32. gxh4 Bxb3 33. Re3
Bxa4 34. Bxa7 Ke7 35. Rb8 Rxh4 36. Bxb6 Rg4+ 37. Rg3 Rc4 38. Rc8 Rc2 39. Bxc5+
Kd7 40. Rxf8 Rxc5 41. Rxf7+ Kd6 42. Rgxg7 Bc6 43. h3 Bd5 44. f4 Rc2 45. h4 Be4
46. Rd7+ Kc5 47. Rc7+ Kd4 48. Rxc2 Bxc2 49. h5 1-0

[Event "Gibraltar Masters 2014"]
[Site "Caleta ENG"]
[Date "2014.01.29"]
[Round "2.98"]
[White "Bajer, R."]
[Black "Al Tamimi, H."]
[Result "1/2-1/2"]
[WhiteElo "1914"]
[BlackElo "2211"]
[PlyCount "59"]
[EventDate "2014.01.28"]

1. e4 c6 2. d4 d5 3. Nc3 dxe4 4. Nxe4 Bf5 5. Ng3 Bg6 6. h4 h6 7. Nf3 Nd7 8. h5
Bh7 9. Bd3 Bxd3 10. Qxd3 e6 11. Bd2 Ngf6 12. O-O-O Be7 13. Ne4 Nxe4 14. Qxe4
Nf6 15. Qe2 Qd5 16. c4 Qe4 17. Qxe4 Nxe4 18. Be3 Rd8 19. Ne5 Bd6 20. g4 Ke7 21.
Kc2 c5 22. f3 cxd4 23. Bxd4 Bc5 24. Bxc5+ Nxc5 25. b4 Nd7 26. Nxd7 Rxd7 27.
Rxd7+ Kxd7 28. Rd1+ Kc7 29. Rd4 Re8 30. Kd3 1/2-1/2

[Event "Gibraltar Masters 2014"]
[Site "Caleta ENG"]
[Date "2014.01.29"]
[Round "2.99"]
[White "Barrenechea Bahamonde, G."]
[Black "Jorgensen, L."]
[Result "1-0"]
[WhiteElo "2208"]
[BlackElo "1925"]
[PlyCount "69"]
[EventDate "2014.01.28"]

1. e4 e6 2. d4 d5 3. e5 c5 4. Nf3 Nc6 5. c3 Bd7 6. Bd3 Qb6 7. dxc5 Bxc5 8. O-O
a5 9. Nbd2 Qc7 10. Nb3 Bb6 11. Re1 Nge7 12. Bf4 Ng6 13. Bg3 O-O 14. h4 f5 15.
Nbd4 Qb8 16. h5 Nxd4 17. Nxd4 Ne7 18. Bf4 Rf7 19. Nf3 Nc6 20. Ng5 Re7 21. Qf3
h6 22. Nh3 Bc7 23. Qg3 Be8 24. Bxh6 Nxe5 25. Bg5 Bxh5 26. Rxe5 Bxe5 27. Qh4 Rf7
28. Qxh5 Bf6 29. Re1 Qc8 30. Bxf6 Rxf6 31. Ng5 Rh6 32. Qf7+ Kh8 33. Rxe6 Rxe6
34. Nxe6 Qg8 35. Qxf5 1-0

[Event "Gibraltar Masters 2014"]
[Site "Caleta ENG"]
[Date "2014.01.29"]
[Round "2.100"]
[White "Zachariassen, J."]
[Black "Dolzhikova, O."]
[Result "1-0"]
[WhiteElo "1894"]
[BlackElo "2203"]
[PlyCount "63"]
[EventDate "2014.01.28"]

1. c4 b6 2. Nc3 Bb7 3. d3 g6 4. e4 Bg7 5. Nf3 e6 6. Be2 Ne7 7. O-O O-O 8. Be3
d5 9. cxd5 exd5 10. e5 d4 11. Nxd4 Bxe5 12. Nf3 Bg7 13. Qd2 Nf5 14. Rac1 c5 15.
Bf4 Nc6 16. Ne4 Ncd4 17. Bd1 Kh8 18. b4 cxb4 19. Qxb4 Nxf3+ 20. Bxf3 Nd4 21.
Bd1 Ne6 22. Bd6 Rg8 23. Be7 Qxd3 24. Nd6 Nd8 25. Bxd8 Bd5 26. Be7 a5 27. Qf4
Bxa2 28. Bf3 Ra7 29. Rfd1 Qa6 30. Bf6 Be6 31. Qd4 a4 32. Nf5 1-0

[Event "Gibraltar Masters 2014"]
[Site "Caleta ENG"]
[Date "2014.01.29"]
[Round "2.101"]
[White "Veltkamp, G."]
[Black "Machlik, Jon"]
[Result "1-0"]
[WhiteElo "2202"]
[BlackElo "1891"]
[PlyCount "59"]
[EventDate "2014.01.28"]

1. e4 c6 2. d4 d5 3. e5 c5 4. c4 cxd4 5. Qxd4 Nc6 6. Qxd5 Qxd5 7. cxd5 Nb4 8.
Na3 Nxd5 9. Bd2 g6 10. f4 f6 11. Nf3 Bh6 12. g3 fxe5 13. Nxe5 Ngf6 14. Bb5+ Nd7
15. Rc1 N5f6 16. Bc3 O-O 17. Bc4+ Kh8 18. Nf7+ Kg7 19. Ng5 Nc5 20. b4 Na4 21.
Be5 Nb6 22. Bb3 Re8 23. Nb5 Nbd7 24. Ne6+ Kh8 25. Ba1 Nb6 26. Nbc7 Bxe6 27.
Bxe6 Rac8 28. O-O Bg7 29. Bxc8 Rxc8 30. Ne6 1-0

[Event "Gibraltar Masters 2014"]
[Site "Caleta ENG"]
[Date "2014.01.29"]
[Round "2.102"]
[White "Roser, Ludwig"]
[Black "Tscharotschkin, M."]
[Result "0-1"]
[WhiteElo "1882"]
[BlackElo "2201"]
[PlyCount "132"]
[EventDate "2014.01.28"]

1. d4 d5 2. c3 c6 3. Qc2 g6 4. e4 dxe4 5. Qxe4 Nf6 6. Qc2 Bf5 7. Qb3 Qb6 8. Bf4
Bg7 9. Nf3 Nbd7 10. Nbd2 O-O 11. Bc4 Qxb3 12. axb3 Nd5 13. Bxd5 cxd5 14. O-O h6
15. Rfe1 g5 16. Bg3 Rfe8 17. Ne5 a6 18. Nxd7 Bxd7 19. Re3 Rac8 20. Rae1 e6 21.
Be5 f6 22. Bd6 Rc6 23. Ba3 e5 24. c4 Be6 25. dxe5 fxe5 26. c5 Bf5 27. Nf3 Rce6
28. Rd1 d4 29. Re2 d3 30. Ree1 e4 31. Nd2 Bd4 32. Nc4 Bg4 33. Rd2 Be2 34. Ne3
Rf6 35. Rexe2 dxe2 36. Rxe2 Bxe3 37. Rxe3 Rd8 38. Bb4 Rd1+ 39. Be1 Re6 40. f3
Rd3 41. Re2 e3 42. b4 Kf7 43. g3 Kf6 44. Bc3+ Kf5 45. Kg2 h5 46. Be1 Rd1 47. h3
g4 48. Bc3 Re7 49. hxg4+ hxg4 50. Be1 Re6 51. Bc3 Rd8 52. Be1 Rd7 53. Bc3 Kg5
54. Be1 gxf3+ 55. Kxf3 Rf7+ 56. Kg2 Re4 57. b3 Kg4 58. Rc2 Rf6 59. Rc3 e2 60.
Rc1 Rf1 61. Kh2 Rxb4 62. Kg2 Re4 63. Kh2 Rxe1 64. Rxe1 Kf3 65. Kg1 Kxg3 66. b4
Rd4 0-1

[Event "Gibraltar Masters 2014"]
[Site "Caleta ENG"]
[Date "2014.01.29"]
[Round "2.103"]
[White "Marttala, T."]
[Black "Bjorn, Lasse E"]
[Result "1-0"]
[WhiteElo "2200"]
[BlackElo "1879"]
[PlyCount "51"]
[EventDate "2014.01.28"]

1. e4 c5 2. Nc3 Nc6 3. f4 g6 4. Nf3 Bg7 5. Bb5 Nd4 6. Nxd4 Bxd4 7. Ne2 Bg7 8.
c3 Nf6 9. e5 Nd5 10. O-O Nc7 11. Ba4 b5 12. Bc2 Bb7 13. d4 cxd4 14. cxd4 O-O
15. f5 d6 16. e6 gxf5 17. exf7+ Rxf7 18. Bxf5 e6 19. Bxh7+ Kf8 20. Rxf7+ Kxf7
21. Qd3 Qf6 22. Be3 Ke7 23. Rf1 Qh4 24. Qg6 Ne8 25. Rf7+ Kd8 26. Bg5+ 1-0

[Event "Gibraltar Masters 2014"]
[Site "Caleta ENG"]
[Date "2014.01.29"]
[Round "2.104"]
[White "Whatley, Stephen A J"]
[Black "Mueller, Le"]
[Result "0-1"]
[WhiteElo "1855"]
[BlackElo "2191"]
[PlyCount "82"]
[EventDate "2014.01.28"]

1. e4 c5 2. Nf3 Nc6 3. d4 cxd4 4. Nxd4 Qb6 5. Nb3 Nf6 6. Nc3 e6 7. Qe2 Bb4 8.
Bd2 O-O 9. a3 Be7 10. O-O-O d5 11. e5 Nd7 12. f4 a6 13. Qh5 Rd8 14. Bd3 Nf8 15.
Rhf1 Qc7 16. Rf3 g6 17. Qh6 b5 18. Na2 a5 19. Be3 d4 20. Bf2 Bb7 21. Rh3 a4 22.
Nd2 Na5 23. Kb1 Rac8 24. Rc1 Nc4 25. Be1 Bxg2 26. Rg3 Bd5 27. h4 Ne3 28. h5 Nf5
29. Bxf5 exf5 30. hxg6 fxg6 31. Rd3 Ne6 32. Bh4 Bxh4 33. Qxh4 Bxa2+ 34. Kxa2 b4
35. axb4 Qb7 36. Rh3 Rd7 37. Rh2 Qxb4 38. Nf3 Rb8 39. c3 Qb3+ 40. Ka1 dxc3 41.
bxc3 Qa3+ 0-1

[Event "Gibraltar Masters 2014"]
[Site "Caleta ENG"]
[Date "2014.01.29"]
[Round "2.105"]
[White "Gikas, A."]
[Black "Densing, G."]
[Result "1-0"]
[WhiteElo "2189"]
[BlackElo "1875"]
[PlyCount "27"]
[EventDate "2014.01.28"]

1. e4 c5 2. Nf3 a6 3. c3 d5 4. exd5 Qxd5 5. d4 e6 6. Be3 Nd7 7. c4 Qd6 8. Nc3
Ngf6 9. Qa4 cxd4 10. Bxd4 Qb4 11. O-O-O b6 12. Qc6 Rb8 13. a3 Bb7 14. Qxd7+ 1-0